Designing and Managing the Supply Chain (Record no. 11905)

MARC details
000 -LEADER
fixed length control field 00523nam a22002057a 4500
003 - CONTROL NUMBER IDENTIFIER
control field OSt
008 - FIXED-LENGTH DATA ELEMENTS--GENERAL INFORMATION
fixed length control field 230327b |||||||| |||| 00| 0 eng d
020 ## - INTERNATIONAL STANDARD BOOK NUMBER
International Standard Book Number 9789353165772
082 ## - DEWEY DECIMAL CLASSIFICATION NUMBER
Classification number 658.5 LED
100 ## - MAIN ENTRY--PERSONAL NAME
Personal name LEVI,David Simchi
245 ## - TITLE STATEMENT
Title Designing and Managing the Supply Chain
250 ## - EDITION STATEMENT
Edition statement 3rd
260 ## - PUBLICATION, DISTRIBUTION, ETC. (IMPRINT)
Place of publication, distribution, etc New Delhi
Name of publisher, distributor, etc TMH
Date of publication, distribution, etc 2020
300 ## - PHYSICAL DESCRIPTION
Extent 531
650 ## - SUBJECT ADDED ENTRY--TOPICAL TERM
Topical term or geographic name as entry element Designing and Managing the Suppy Chain
700 ## - ADDED ENTRY--PERSONAL NAME
Personal name KIMANSKY,Philip
700 ## - ADDED ENTRY--PERSONAL NAME
Personal name LEVI,Edith Simchi
700 ## - ADDED ENTRY--PERSONAL NAME
Personal name SHANKARL,Ravi
942 ## - ADDED ENTRY ELEMENTS (KOHA)
Source of classification or shelving scheme Dewey Decimal Classification
Koha item type Reference Books
Holdings
Withdrawn status Lost status Source of classification or shelving scheme Damaged status Not for loan Collection code Home library Current library Date acquired Source of acquisition Currency Cost, normal purchase price Bill Number Total Checkouts Full call number Acc. no. / Barcode Date last seen Actual Cost, discounted price Bill Date Koha item type
    Dewey Decimal Classification     MBA PIET C-LIBRARY PIET C-LIBRARY 15/03/2023 International Book Centre In Rupees 745.00 IB/IN/1299   658.7 LED 34751 27/03/2023 521.50 15/03/2023 Reference Books

Design & Developed by: PIET Central Library
R70 Miles Stone Pattikalyana Samalkha Panipat 132102
mail ID :- [email protected], Phone No:- 0180-2569700 Ex.216